Turkey : Request for Stand-By Arrangement-Staff Report; Staff Supplement and Staff Statement; and Press Release on the Executive Board Discussion.

This paper examines Turkey's Request for a Stand-By Arrangement (SBA). The program contains several measures to free up the growth potential of Turkey's private sector. The program rightly addresses key obstacles to domestic and foreign private investment. Although the program faces real r...

وصف كامل

التفاصيل البيبلوغرافية
مؤلف مشترك: International Monetary Fund
التنسيق: دورية
اللغة:English
منشور في: Washington, D.C. : International Monetary Fund, 2002.
سلاسل:IMF Staff Country Reports; Country Report ; No. 2002/136
الوصول للمادة أونلاين:Full text available on IMF
LEADER 01647cas a2200241 a 4500
001 AALejournalIMF008249
008 230101c9999 xx r poo 0 0eng d
020 |c 5.00 USD 
020 |z 9781451838091 
022 |a 1934-7685 
040 |a BD-DhAAL  |c BD-DhAAL 
110 2 |a International Monetary Fund. 
245 1 0 |a Turkey :   |b Request for Stand-By Arrangement-Staff Report; Staff Supplement and Staff Statement; and Press Release on the Executive Board Discussion. 
264 1 |a Washington, D.C. :  |b International Monetary Fund,  |c 2002. 
300 |a 1 online resource (148 pages) 
490 1 |a IMF Staff Country Reports 
500 |a <strong>Off-Campus Access:</strong> No User ID or Password Required 
500 |a <strong>On-Campus Access:</strong> No User ID or Password Required 
506 |a Electronic access restricted to authorized BRAC University faculty, staff and students 
520 3 |a This paper examines Turkey's Request for a Stand-By Arrangement (SBA). The program contains several measures to free up the growth potential of Turkey's private sector. The program rightly addresses key obstacles to domestic and foreign private investment. Although the program faces real risks, Turkey's policy record under the May 2001 program increases the likelihood of the new program being implemented as planned and achieving its key objectives. The IMF staff recommends the approval of the proposed SBA. 
538 |a Mode of access: Internet 
830 0 |a IMF Staff Country Reports; Country Report ;  |v No. 2002/136 
856 4 0 |z Full text available on IMF  |u http://elibrary.imf.org/view/journals/002/2002/136/002.2002.issue-136-en.xml  |z IMF e-Library